Generovanie jednorazových autorizačných sekvencií pre Linux server

Salvato in:
Dettagli Bibliografici
Autore principale: Halenárová, Lenka, 1979- (Autore)
Altri autori: Schreiber, Peter, 1960- (Relatore della tesi)
Natura: Manoscritto Libro
Lingua:slovacco
Pubblicazione: STU v Bratislave MTF UIAM, 2010
Soggetti:
Accesso online:VAIS
Tags: Aggiungi Tag
Nessun Tag, puoi essere il primo ad aggiungerne!!

MARC

LEADER 00000ntm a22000003a 4500
001 stu206229
005 20160719160205.5
008 100702s2010------------------------slo-d
040 |a STU  |b slo 
041 0 |a slo 
100 1 |a Halenárová, Lenka,  |d 1979-  |4 aut  |X 31644  |7 A000031644 
242 0 0 |a Generating of one-time authorization sequences for Linux server   |y eng 
245 1 |a Generovanie jednorazových autorizačných sekvencií pre Linux server 
260 |b STU v Bratislave MTF UIAM,  |c 2010 
650 7 |a bezpečnosť  |2 stusub 
650 7 |a Linux  |2 stusub 
650 7 |a Linux  |2 stusub 
650 7 |a počítačové siete  |2 stusub 
650 7 |a sieťové protokoly  |2 stusub 
700 1 |a Schreiber, Peter,  |d 1960-  |4 ths  |u M6000  |U MTF Materiálovotechnologická fakulta  |T MTF Ústav aplikovanej informatiky, automatizácie a matematiky  |X 247  |U M6000  |Y 86  |7 A000000247 
856 4 |a info a plný text  |u http://is.stuba.sk/zp/portal_zp.pl?podrobnosti=75194  |3 VAIS 
996 |c M*DP-9174  |l MMSKP  |s P  |a 0  |w stu206229_0001